NBA Draft 2025 First-Round Picks - Statistics

General Stats
  • This quiz has been taken 524 times
  • The average score is 20 of 30
Answer Stats
Ovr. Pick Player Team College % Correct
1 Cooper Flagg Dallas Mavericks Duke
100%
2 Dylan Harper San Antonio Spurs Rutgers
98%
5 Ace Bailey Utah Jazz Rutgers
96%
3 VJ Edgecombe Philadelphia 76ers Baylor
95%
4 Kon Knueppel Charlotte Hornets Duke
88%
7 Jeremiah Fears New Orleans Pelicans Oklahoma
84%
6 Tre Johnson Washington Wizards Texas
84%
13 Derik Queen New Orleans Pelicans Maryland
82%
10 Khaman Maluach Phoenix Suns Duke
81%
8 Egor Demin Brooklyn Nets BYU
79%
16 Yang Hansen Portland Trail Blazers China
77%
9 Collin Murray-Boyles Toronto Raptors South Carolina
73%
14 Carter Bryant San Antonio Spurs Arizona
70%
11 Cedric Coward Memphis Grizzlies Washington State
66%
27 Danny Wolf Brooklyn Nets Michigan
66%
12 Noa Essengue Chicago Bulls France
66%
18 Walter Clayton Jr. Utah Jazz Florida
63%
28 Hugo Gonzalez Boston Celtics Spain
58%
19 Nolan Traore Brooklyn Nets France
58%
20 Kasparas Jakucionis Miami Heat Illinois
57%
15 Thomas Sorber Oklahoma City Thunder Georgetown
57%
23 Asa Newell Atlanta Hawks Georgia
54%
26 Ben Saraf Brooklyn Nets Israel
52%
25 Jase Richardson Orlando Magic Michigan State
52%
29 Liam McNeeley Charlotte Hornets UConn
50%
22 Drake Powell Brooklyn Nets North Carolina
44%
17 Joan Beringer Minnesota Timberwolves France
44%
24 Nique Clifford Sacramento Kings Colorado State
44%
21 Will Riley Washington Wizards Illinois
44%
30 Yanic Konan Niederhauser Los Angeles Clippers Penn State
39%
No matching quizzes found
Score Distribution
Percent of People with Each Score
Percentile by Number Answered
Your Score History
You have not taken this quiz